000 00732nam a22001577a 4500
003 OSt
005 20150916164408.0
008 150916b xxu||||| |||| 00| 0 eng d
040 _cRUA
082 _aAGR BOU 2004 B029 Or.1
100 _9616
_aBOUN SOPHEAKNA
245 _apotential and constraints in establishing organic rice producer group in tramkak district,Takeo province,(សក្ដានុពល និងកត្តារារំាងក្នុងការចងក្រងជាក្រុមផលិតផលអង្ករសរីរាង្គ នៅស្រុកត្រាំកក់ ខេត្តតាកែវ)
260 _aphnom penh
_bRUA
_c2004
300 _a57p.
_cill.
_g29cm
942 _2ddc
_cAGR
999 _c591
_d591